1987 1294 1164 1612 1568 1875 1902 1006 1884 1593 1341 1890 1585 1461 1710 1087 1301 1264 1568 1938 1748 1395 1422 1401 1004 1673 1379 1927 1053 1701 1775 1459 1169 1542 1599 1875 1291 1998 1672 1017 1392 1021 1254 1735 1334 1070 1222 1186 1252 1130 1207 1198 1274 1211 1594 1621 1920 1758 1590 1481 1927 1034 1080 1542 1950 1183 1676 1656 1578 1895 1095 1158 1158 1189 1407 1674 1222 1483 1930 1635 1696 1036 1199 1321 1559 1950 1732 1670 1023 1640 1531 1766 1021 1055 1273 1830 1509 1341 1558 BCNSPRNW ULIB Ver.6.0+V

เปลี่ยนเป็นภาษาไทย

Change to English
 แสดงรายละเอียดบรรณานุกรม
  กลับหน้าหลัก

Brief Record : Get Marc (ISO 2709) : E-mail record : QR code < ปิดหน้าต่าง
LEADER : 00000nas 2200000uu 4500
001    13399121047
003     ULIB
008    121101s||||||||th 000 0 tha d
022 0  19063903
110 1  กรมพัฒนาการแพทย์แผนไทยและการแพทย์ทางเลือก กระทรวงสาธารณสุข
245 00 วารสารสำนักการแพทย์ทางเลือก/^cกรมพัฒนาการแพทย์แผนไทยและการแพทย์ทางเลือก กระทรวงสาธารณสุข
310    ^aรายสี่เดือน
850 ^a ULIB^bปีที่ 5 ฉบับที่ 2
945    ^p0^l0^i900825
999    ^aใช้งานได้ทุกระบบ
รายการนี้ยังไม่มีแท็ก
คุณยังไม่ได้ล็อกอิน คุณสามารถมีกิจกรรมร่วมกับเว็บไซต์ได้ แต่ต้องล็อกอินก่อน ::
  ล็อกอิน

รายการสื่อสารสนเทศ (วารสาร)

ดูแบบ: กล่อง รายการ
ARRIVED
ปีที่ 5 ฉบับที่ 2
สถานที่: ห้องสมุดวิทยาเขตสวรรค์ประชารักษ์ >หนังสือทั่วไป

BibComment


ยังไม่เคยถูกคอมเมนท์

คอมเมนท์ทรัพยากรรายการนี้
  คอมเมนท์: วารสารสำนักการแพท..


 Copyright 2026. Bcnsprnw @Library